000 00681nam a22002297a 4500
003 UA-OsUOA
001 64794
007 ta
008 20091109b un ||||| |||| 00| 0 ukr d
100 _aМокряк В.
700 _aМокряк Е.
090 _a330
_bМ74
942 _cSA
040 _aUA-OsUOA
_bukr
_cUA-OsUOA
_dUA-OsUOA
245 _aБагатоманітність і суперечливість підприємницьких орієнтацій: історія питання й сучасні реалії
300 _aС.15-26
955 _a0
041 _aukr
080 _a330
773 0 _w64791
650 7 _a330 Економіка взагалі
_2UDC
999 _c350897
_d350897